Kalapos Judit 5 lépés a sikeres életpálya tervezéshez - V. modul /

Elmentve itt :
Bibliográfiai részletek
Szerző: Kalapos Judit
Dokumentumtípus: Vegyes gyűjtemény
Megjelent: 2019-08-30
Kulcsszavak:pályatervezés
Tárgyszavak:
Online Access:http://eta.bibl.u-szeged.hu/2245
LEADER 01468npc a2200277 i 4500
001 eta2245
005 20231005145946.0
008 191010s2019 hu o 0|| hun d
040 |a SZTE Elektronikus Tananyag Archívum  |b hun 
041 |a hun 
100 1 |a Kalapos Judit 
245 1 0 |a Kalapos Judit   |h [elektronikus dokumentum] :  |b 5 lépés a sikeres életpálya tervezéshez - V. modul /  |c  Kalapos Judit 
246 1 0 |a Judit Kalapos : 5 steps for the successful career planning - 5th module  |h [elektronikus dokumentum] 
260 |c 2019-08-30 
650 4 |a Társadalomtudományok 
650 4 |a Közgazdasági és gazdálkodástudományok 
650 4 |a Gazdálkodás és menedzsment 
650 4 |a Emberi erőforrás gazdálkodás 
650 4 |a Oktatástudomány 
650 4 |a Általános oktatás (benne képzés, pedagógia, didaktika) 
650 4 |a Oktatás: rendszerek és intézmények, oktatás és tanulás 
650 4 |a Informális oktatás 
695 |a pályatervezés 
856 4 0 |u https://eta.bibl.u-szeged.hu/2245/1/5%20l%C3%A9p%C3%A9s%20a%20sikeres%20%C3%A9letp%C3%A1lyatervez%C3%A9shez%205.modul%20vide%C3%B3lecke%20K%C3%89SZ.mp4  |z Dokumentum-elérés  
856 4 0 |u https://eta.bibl.u-szeged.hu/2245/2/5.modul%20vide%C3%B3lecke%20Motiv%C3%A1ci%C3%B3.pptx  |z Dokumentum-elérés  
856 4 0 |u https://eta.bibl.u-szeged.hu/2245/3/5%20l%C3%A9p%C3%A9s%20a%20sikeres%20%C3%A9letp%C3%A1lyatervez%C3%A9shez%20kurzus_5.modul%20olvas%C3%B3lecke.pdf  |z Dokumentum-elérés